Größte Städte Deutschlands mit 8 Buchstaben - Statistiken

Allgemein
  • Dieses Quiz wurde 56 mal gespielt
  • Das Durchschnittsergebnis liegt bei 13 aus 30
Antwortstatistiken
Einwohner Stadt BL % Korrekt
529.508 Nürnberg BY
96%
603.462 Dortmund NW
91%
522.131 Hannover NI
91%
301.105 Augsburg BY
87%
318.035 Mannheim BW
87%
245.618 Chemnitz SN
80%
502.270 Duisburg NW
80%
237.460 Freiburg BW
76%
133.258 Würzburg BY
76%
98.308 Schwerin MV
72%
115.928 Erlangen BY
65%
72.940 Bayreuth BY
54%
165.626 Solingen NW
52%
92.322 Tübingen BW
41%
74.785 Lüneburg NI
37%
86.919 Konstanz BW
30%
71.863 Landshut BY
30%
75.499 Gladbeck NW
28%
49.697 Cuxhaven NI
26%
93.326 Iserlohn NW
24%
89.368 Ratingen NW
24%
74.879 Arnsberg NW
17%
61.611 Bergheim NW
17%
52.945 Neustadt RP
13%
51.342 Elmshorn SH
11%
57.684 Stolberg NW
9%
63.799 Dormagen NW
7%
48.928 Freising BY
7%
49.480 Leonberg BW
7%
56.973 Nordhorn NI
2%
Keine übereinstimmenden Quizze gefunden
Verteilung der Resultate
Anzahl Personen mit jedem Resultat
Perzentil nach korrekt beantworteten Fragen
Ihre Resultats-Entwicklung
Sie haben dieses Quiz noch nicht gespielt